| 000 | 00458nam a2200157 i 4500 | ||
|---|---|---|---|
| 001 | 43927 | ||
| 003 | ES-MaACL | ||
| 005 | 20230906160919.0 | ||
| 007 | t| | ||
| 008 | 030320s1941 pe ||||1| spa d | ||
| 100 | 1 |
_aCavero-Egusquiza, Ricardo. _937186 |
|
| 245 | 1 | 3 |
_aLa AmazonÃa peruana / _cpor Ricardo Cavero-Egusquiza. |
| 260 |
_aLima : _b[s.n., _c1941] ( _fImp. Torres Aguirre) |
||
| 300 |
_aVI, 143 p. ; _c21 cm. |
||
| 852 |
_aES-MaACL _jC-12183 _bR.40367 |
||
| 999 |
_c43927 _d43927 |
||